| 000 | 01046cam a22001935a 4500 | ||
|---|---|---|---|
| 001 | ##J100722 | ||
| 008 | 000000s1907 000 0 eng u | ||
| 035 | _a(Sirsi) u100722 | ||
| 041 | 0 | _aeng | |
| 050 | 0 | 4 | _a333.0062 $2 18 |
| 110 | 2 |
_aSurveyors' Institution _93783 |
|
| 245 | 0 | 0 | _aExaminations |
| 260 |
_a[S.l.] _b[s.n.] _c1902-07 |
||
| 300 |
_a1 _fv _c22cm. |
||
| 505 | 0 | _aRules of examination - Syllabus of subjects and examples of papers set at preliminary and professional examinations 1907 - By-laws - Special certificate examinations (for members) in forestry; sanitary science; land surveying and levelling: rules, syllabus, and example papers - Rules of Scottish examinations - Syllabus of subjects and examples of papers set at preliminary and professional examinations 1906 - Examinations in Ireland qualifying for admission to membership of the institution - Provincial committees - constitution and regulations | |
| 651 | 4 |
_aGreat Britain _y1707- |
|
| 690 | _aCAREERS, EDUCATION AND TRAINING-QUALIFICATION ROUTES | ||
| 942 | _n0 | ||
| 999 |
_c99779 _d99779 |
||